Dr. Tury Sándor Kornél egyetemi tanár gyásza [rövid hír]
Elmentve itt :
| Dokumentumtípus: | Cikk |
|---|---|
| Megjelent: |
1941-07-29
|
| Sorozat: | Délmagyarország
17 No. 171 |
| Kulcsszavak: | Tury Sándor Kornél, Túry Sándor Kornél |
| Online Access: | http://dmarchiv.bibl.u-szeged.hu/33698 |
| LEADER | 00465nab a2200145 i 4500 | ||
|---|---|---|---|
| 001 | delm33698 | ||
| 005 | 20180927105610.0 | ||
| 008 | 180927s1941 hu o 0|| hun d | ||
| 040 | |a SZTE Délmagyarország Archívum |b hun | ||
| 041 | |a hun | ||
| 245 | 0 | 0 | |a Dr. Tury Sándor Kornél egyetemi tanár gyásza |h [elektronikus dokumentum] : |b [rövid hír] |
| 260 | |c 1941-07-29 | ||
| 300 | |a 7 | ||
| 490 | 0 | |a Délmagyarország |v 17 No. 171 | |
| 695 | |a Tury Sándor Kornél, Túry Sándor Kornél | ||